| 000 | 00661nam a22002297a 4500 | ||
|---|---|---|---|
| 005 | 20251108171941.0 | ||
| 008 | 250721s1992 xx 000 0 ara d | ||
| 082 | 1 | 4 | _aط/573/إيش |
| 100 | 1 | _aإيشتين، سام و بريل | |
| 245 | 1 | 0 | _aإنسان ما قبل التاريخ / |
| 250 | _aط5 | ||
| 264 | 1 |
_aالقاهرة : _bدار المعارف، _c1992. |
|
| 300 | _a99ص | ||
| 490 | 0 |
_aكل شيء عن _v21 |
|
| 650 | 1 | 7 | _aالإنسان |
| 650 | 1 | 7 | _aالآثار |
| 650 | 1 | 7 | _aالأصل |
| 653 | _aناشؤون صغار (10-14) سنة | ||
| 700 | 1 |
_aعيسى، أحمد محمد _eترجمة |
|
| 942 |
_2ddc _cBK |
||
| 999 |
_c66723 _d66723 |
||